000
00265nam a2200109Ia 4500
008
190912s9999||||xx |||||||||||||| ||und||
100
_a
Hilary J. Schmidt
245
4
_a
The Successful Medical Student
260
_a
USA
_b
McGraw-Hill
_c
2016
300
_a
152
942
_c
BK
999
_c
7362
_d
7362